Environmental science : (Record no. 16766)

000 -LEADER
fixed length control field 01203cam a2200241 a 4500
020 ## - INTERNATIONAL STANDARD BOOK NUMBER
ISBN 0534178081
020 ## - INTERNATIONAL STANDARD BOOK NUMBER
ISBN 9780534178086
040 ## - CATALOGING SOURCE
Transcribing agency DLC
082 00 - DEWEY DECIMAL CLASSIFICATION NUMBER
Classification number 363 WAD 1993 A107 Or.
100 1# - MAIN ENTRY--AUTHOR NAME
Personal name Miller, G. Tyler
245 10 - TITLE STATEMENT
Title Environmental science :
Remainder of title sustaining the earth /
250 ## - EDITION STATEMENT
Edition statement Fourth edition
300 ## - PHYSICAL DESCRIPTION
Number of Pages xiv, 470 pages :
Other physical details color illustrations, maps ;
Dimensions 28 cm
490 1# - SERIES STATEMENT
Series statement Wadsworth biology series
500 ## - GENERAL NOTE
General note Includes index
520 ## - SUMMARY, ETC.
Summary, etc This book is designed to be used in introductory courses on environmental science. It treats environmental science as an INTERDISCIPLINARY study, combining ideas and information from natural sciences such as biology, chemistry, and geology and social sciences such as economics, politics, and ethics to present a general idea of how nature works and how things are interconnected. It examines how the environment is being used and abused, and what individuals can do to protect and improve it for themselves, for future generations, and for other living things
650 #0 - SUBJECT ADDED ENTRY--TOPICAL TERM
Topical Term Environmental sciences
650 #0 - SUBJECT ADDED ENTRY--TOPICAL TERM
Topical Term Human ecology
650 #0 - SUBJECT ADDED ENTRY--TOPICAL TERM
Topical Term Environmental protection
650 #4 - SUBJECT ADDED ENTRY--TOPICAL TERM
Topical Term Ecology
650 #4 - SUBJECT ADDED ENTRY--TOPICAL TERM
Topical Term Natural resources
942 ## - ADDED ENTRY ELEMENTS (KOHA)
Koha item type សៀវភៅភាសាអង់គ្លេស
952 ## - LOCATION AND ITEM INFORMATION (KOHA)
Withdrawn status [LOCAL, KOHA] 0
Holdings
Permanent Location Date acquired Koha item type Lost status Shelving location Barcode Current Location Full call number
Library Block A2018-04-24សៀវភៅភាសាអង់គ្លេស A108A13361Library Block A363 WAD 1993 A108 Or.
មជ្ឈមណ្ឌលឯការនៃសាកលវិទ្យាល័យភូមិន្ទកសិកម្មចំការដូង

Powered by Koha